Galactic Empire Quiz - Statistics

General Stats
  • This quiz has been taken 72 times
  • The average score is 9 of 26
Answer Stats
Hint Answer % Correct
Leader of the Empire Emperor Palpatine
100%
Iconic imperial starfighter TIE/Ln Space Superiority Fighter
96%
Elite Infantry Unit Imperial Stormtrooper
86%
Currency Imperial Credit
76%
Army General that lead the attack on Hoth General Maximilian Veers
65%
A bomber which first appeared in "The Empire Strikes Back" TIE/sa Bomber
55%
Special Force of the Imperial Intelligence Death Trooper
53%
TIE/D ________ TIE/D Defender
49%
The name of Thrawns star destroyer Chimaera
47%
Colonel of the ISB Colonel Wullf Yularen
47%
What ISD stands for Imperial Star Destroyer
47%
Most Common Imperial Trooper Imperial Army Trooper
41%
Standard issue medium blaster rifle for Stormtroopers E-11
39%
Support ship that carries up to 4 TIE Fighters Gozanti-Class Cruiser
22%
Acts as security for the Navy Imperial Naval Trooper
22%
Biggest fleet in the Galactic Empire Death Squadron
20%
Trooper type seen guarding high priority trains Imperial Range Trooper
18%
Department for propaganda COMPNOR
16%
Heavy blaster rifle for Stormtroopers DLT-19
12%
Based on the Lewis gun T-21
8%
TIE/D ________ _____ TIE/D Defender Elite
8%
Common patrol vessel Arquitens-Class Command Cruiser
6%
Standard issue medium blaster rifle for Army Troopers E-10
4%
Legends frigate for anti-starfighter purposes Lancer-Class Frigate
4%
Specialisation of Imperial Army Troopers used to contain riots Imperial Security Trooper
2%
Canon corvette for anti-starfighter purposes Raider-II Class Corvette
2%
No matching quizzes found
Score Distribution
Percent of People with Each Score
Percentile by Number Answered
Your Score History
You have not taken this quiz